000 02040nam a22002657a 4500
005 20170711092619.0
008 130221s1559 fr |||fr|||| 001 0 lat d
040 _cSandra Yazo (modificó)
_dSandra Yazo (modificó)
041 0 _alat
082 0 4 _220
_a340.56
092 _aE24N062
100 1 _aRiva di San Nazarro, Gianfrancesco
_dd. 1535
_929625
242 0 0 _aTratado sobre la Peste. Respuestas y conceptos jurídicos
_cJuan Francisco De Ripa de San Nazario
_yspa
245 1 0 _cJo. Franc. Ripae a
_aTractatus de peste et Responsa
260 _aLugduni [Lyon] (Francia)
_bApud Thomomain Bertellum [En los talleres de Tomás Berthelier]
_c1559
300 _a153, [138] páginas
_c42 x 29 cm
500 _aDetalles físicos: Encuadernación flexible en pergamino; tapas y lomo con roturas y arrugas en el pergamino. Guardas rotas. Portada impresa en una sola tinta con un grabado (emblema de la ciudad de Lyon, en un marco de elementos decorativos clásicos y barrocos, un león rampante). Texto impreso en dos columnas muy densas, en caracteres góticos, sobre papel grueso. Párrafos numerados. Mayúsculas capitales de dos tamaños. Márgenes amplios. Colofón y Registro final. En la portada varias anotaciones y sellos de tinta. Hojas con dobleces, manchas y anotaciones en algunas hojas.
505 0 _rTratado sobre la peste: Nociones preliminares ; Contratos efectuados entiempo de peste ; Características especiales de las últimas voluntades en tiempo de peste ; Privilegios de los juicios en tiempos de peste ; Remedios preventivas contra la peste ; Remedios para conservar la prosperidad en época de peste ; Remedios para curar la peste -- Respuestas y Conceptos: Doscientos ocho conceptos legales sobre diferentes temas discutidos en derecho
506 _aConsulta en sala
546 _aTexto en latín
650 7 _aConceptos
_xDerecho
_xObras anteriores a 1800
_929739
650 7 _aDerecho civil
_xObras anteriores a 1800
_929560
690 _aDerecho civil
_912711
942 _cLIBRO
_e1
_2LOCAL
_hE24N062
999 _c165049
_d165049